000 00829cam a2200277 4500
008 090401t1989 xxu||||| |||| 00| 0 eng d
020 _a085406446X
035 _a(Sirsi) u50345
041 _aeng
050 _a336.271
090 _aRICS 1989/77ABC
100 _aAllen, Christopher
245 _aVAT and agricultural property from 1 April 1989
260 _aLondon
_bRoyal Institution of Chartered Surveyors
_c1989
300 _aiv,33,11p. ; 30cm.
350 _a3.5
520 _aWITHDRAWN FROM PUBLICATION (1996). Written for the RICS Rural Practice Division .
650 _aPROPERTY-LANDLORD AND TENANT-TENANCIES-AGRICULTURAL TENANCIES
650 _aFARM BUILDINGS
650 _aFARM LAND
650 _aGUIDANCE NOTES
650 _aRICS
650 _aVALUE ADDED TAX
942 _n0
948 _c04/03/1997
999 _c92696
_d92696